STUDIES IN MANAGEMENT TECHNIQUES (Record no. 585402)
[ view plain ]
| 000 -LEADER | |
|---|---|
| fixed length control field | 00251nam a22001097a 4500 |
| 082 ## - DEWEY DECIMAL CLASSIFICATION NUMBER | |
| Classification number | 658.001 BRI'S |
| 100 ## - MAIN ENTRY--PERSONAL NAME | |
| Personal name | BRIGGS, G. W |
| 9 (RLIN) | 80476 |
| 245 ## - TITLE STATEMENT | |
| Title | STUDIES IN MANAGEMENT TECHNIQUES |
| 260 ## - PUBLICATION, DISTRIBUTION, ETC. | |
| Place of publication, distribution, etc. | LONDON |
| Name of publisher, distributor, etc. | GEE & CO |
| Date of publication, distribution, etc. | 1953 |
| 300 ## - PHYSICAL DESCRIPTION | |
| Extent | 203P |
| 942 ## - ADDED ENTRY ELEMENTS (KOHA) | |
| Koha item type | Book |
| Withdrawn status | Lost status | Damaged status | Not for loan | Permanent Location | Current Location | Shelving location | Date acquired | Total Checkouts | Full call number | Barcode | Date last seen | Price effective from | Koha item type |
|---|---|---|---|---|---|---|---|---|---|---|---|---|---|
| College of Electrical & Mechanical Engineering (CEME) | College of Electrical & Mechanical Engineering (CEME) | General Stacks | 07/07/2017 | 658.001 BRI'S | CEME-5100 | 06/28/2021 | 06/28/2021 | Book |
